000 00658nam a2200205 a 4500
005 20220615063457.0
008 030917s1988 mx r 000 0 spa d
020 _a968360322X
035 _aUPN01000128871
049 _aCG
050 4 _aPQ2605 O1.5
_bE8.4
100 1 _aEspinosa, Elia
245 1 0 _aJean Cocteau ; el ojo entre la norma y el deseo /
_cElia Espinosa.
260 _aMéxico :
_bUNAM, Instituto de Investigaciones Estéticas,
_c1988.
300 _a224 p.
440 0 _aEstudios de arte y estética ;
_v29
600 1 4 _aCOCTEAU, JEAN,
_d1889-1963 -
_xCRITICA E INTERPRETACION
_99257
650 0 _aLiteratura francesa
_95152
905 _aLibro
999 _c101044
_d101044